Normal view
MARC view
- Finanzas públicas
Entry Materia
001 - NÚMERO DE CONTROL DEL REGISTRO
- campo de control: 7127
003 - IDENTIFICADOR DE NUMERO DE CONTROL
- campo de control: MX-MxUPN
005 - FECHA Y HORA DE LA ÚLTIMA TRANSACCIÓN
- campo de control: 20240923162403.0
008 - DATOS DE LONGITUD FIJA
- campo de control de longitud fija: 240215dn fnnnnbabd n ana |d
035 ## - NÚMERO DE CONTROL DEL SISTEMA
- Número de control del sistema: UPN10000007130
040 ## - FUENTE DE LA CATALOGACIÓN
- Lengua de catalogación: spa
- Centro catalogador de origen: MX-MxUPN
150 ## - ENCABEZAMIENTO - TEMÁTICO
- Término de materia o nombre geográfico como elemento inicial: Finanzas públicas
- Subdivisión geográfica: México
670 ## - FUENTE EN LA QUE SE LOCALIZARON DATOS
- Cita de la fuente: Escamilla Gonzalez, G. Lista de encabezamientos de materia, 1978 :
- Información localizada: página 356 (Finanzas públicas -- México)
902 ## - CATALOGADOR
- Catalogador: BEC/310796
- Catalogador: VíctorGodínez/150224
